000 00635nam a2200205 i 4500
001 171425
003 ES-MaACL
005 20250808062807.0
008 090514s1973 sp |||| | spa d
017 _aM 16686-1973
020 _a84-220-0437-2
100 0 _aPironio, Eduardo F.
_992349
245 1 0 _aEscritos pastorales /
_cpor Eduardo Pironio.
260 _aMadrid :
_bLa Editorial Católica,
_c1973.
300 _aXII, 249 p., 1 h. ;
_c20 cm.
490 1 _aBiblioteca de autores cristianos ;
_v344
830 0 0 _aBiblioteca de autores cristianos
_v344
_9178679
852 _aES-MaACL
_jJ-337
_9R.46092
999 _c171425
_d171425